000 01050nam2a22002411 4500
001 RU\NLR\INFOCOMM4\1000606518
005 20250617005527.0
035 _a(NLR Aleph) 002328915
090 _a4441991
_c4441991
100 _a20041011d2000 |||y0rusy50 ca
101 0 _arus
102 _aRU
105 _ay |||||||||
200 0 _a2000, 3
210 _d2000
_aБ. м.
461 0 _1001RU\NLR\INFOCOMM4\1000606515
_12001#$aРоссийское предпринимательство$eРП$eЖурн. для тех, кто хочет стать миллионером, опираясь на знания законов рынка$v2000, 3
_94441976
_cМ.
_d2000 -
_nБ. и.
_oРП : Журн. для тех, кто хочет стать миллионером, опираясь на знания законов рынка
_tРоссийское предпринимательство
_v2000, 3
801 1 _aRU
_bInfoComm
_c20041011
801 0 _aRU
_bNLR
_gPSBO
852 _aNLR
_jП22/7301
942 _cISSUE
980 _aNB
980 _aRUSPER